Introduction to the constitution of India / (Record no. 56456)

MARC details
000 -LEADER
fixed length control field 01876nam a22003137a 4500
005 - DATE AND TIME OF LATEST TRANSACTION
control field 20110906164426.0
010 ## - LCCN (DPL NO)
LC control number ENG-103639 B-459047-051
020 ## - INTERNATIONAL STANDARD BOOK NUMBER
International Standard Book Number 9788120344198
Terms of availability 275.00
035 ## - SYSTEM CONTROL NUMBER
System control number EN-87172 B-459047-051
037 ## - SOURCE OF ACQUISITION
Source of stock number/acquisition DBAD / PUB
037 ## - SOURCE OF ACQUISITION
Source of stock number/acquisition RBC/Ven
082 ## - DEWEY DECIMAL CLASSIFICATION NUMBER
Classification number 342.54
100 ## - MAIN ENTRY--PERSONAL NAME
Personal name Sharma, Brij Kishore
245 ## - TITLE STATEMENT
Title Introduction to the constitution of India /
Statement of responsibility, etc by Brij Kishore Sharma
250 ## - EDITION STATEMENT
Edition statement 6th ed
260 ## - PUBLICATION, DISTRIBUTION, ETC. (IMPRINT)
Place of publication, distribution, etc New Delhi
Name of publisher, distributor, etc Prentice Hall of India
Date of publication, distribution, etc 2011
270 ## - ADDRESS
Address M-97, Connaught Circus
City New Delhi
Postal code 110 001
300 ## - PHYSICAL DESCRIPTION
Extent xxxvi, 419 p.
Dimensions 24cm(pbk)
500 ## - GENERAL NOTE
General note includes index
650 ## - SUBJECT ADDED ENTRY--TOPICAL TERM
Topical term or geographic name as entry element Constitutional law
Geographic subdivision India
942 ## - ADDED ENTRY ELEMENTS (KOHA)
Institution code [OBSOLETE] dpl
Item type English Books
Source of classification or shelving scheme Dewey Decimal Classification
Classification part 342.54
Call number suffix SHA
Holdings
Withdrawn status Lost status Not for loan Collection code Home library Current library Date acquired Source of acquisition Cost, normal purchase price Full call number Barcode Copy number Cost, replacement price Koha item type
      Non-fiction Central Library Central Library 26/04/2012 RBC/27381/30.01.2012/07/18.01.2012/06.02.2012 275.00 342.54 SHA B-459047 1 275.00 English Books
    Not For Loan Non-fiction D.B.Act.Division D.B.Act.Division 06/09/2011 DBAD/PUB 275.00 342.54 SHA EN-87172 1 275.00 English Books
  Written-off vide DLB M. No. 383 dt 16.05.19   Non-fiction Karol Bagh Karol Bagh 26/04/2012 RBC/27381/30.01.2012/07/18.01.2012/06.02.2012 275.00 342.54 SHA B-459050 1 275.00 English Books
  Written-off vide DLB M. No. 383 dt 16.05.19   Non-fiction Patel Nagar Patel Nagar 26/04/2012 RBC/27381/30.01.2012/07/18.01.2012/06.02.2012 275.00 342.54 SHA B-459048 1 275.00 English Books
      Non-fiction Sarojini Nagar Sarojini Nagar 26/04/2012 RBC/27381/30.01.2012/07/18.01.2012/06.02.2012 275.00 342.54 SHA B-459049 1 275.00 English Books
      Non-fiction Shahdara Branch Shahdara Branch 26/04/2012 RBC/27381/30.01.2012/07/18.01.2012/06.02.2012 275.00 342.54 SHA B-459051 1 275.00 English Books

© Delhi Public Library
Hit Counter
free hit counter